000 00769nam a2200241Ia 4500
003 OSt
005 20220927105414.0
006 a|||||r|||| 00| 0
007 ta
008 220926b |||||||| |||| 00| 0 eng d
024 _a175198
037 _cReference Collections
040 _aRTL
_cRTL
_beng
041 _2eng
_aeng
082 _a"V1N45,936:8.N49, H9/UN"
110 _a"UNITED NATIONS, DRUG SUPERVISORY BODY."
_9372252
245 0 _aEstimated world requirments of Narcotic grugs in 1949
_b Third supplement.
260 _aGeneva
_bUnited Nations
_c1949
300 _a12p.
_ccm.
700 _a"UNITED NATIONS, DRUG SUPERVISORY BODY."
_9372253
942 _h"V1N45,936:8.N49, H9/UN"
_cCC
999 _c692381
_d692381